000
00251nam a2200097Ia 4500
001
1048351
005
20250826232253.0
008
250824s9999 xx 000 0 und d
245
0
_a
AŞK AYETLERİ
_c
HABIBURRAHMAN EL SHIRAZY
260
_b
PANAMA YAYINLARI
999
_c
1048351
_d
1048351